Arxius : butlletí del Servei d'Arxius butlletí del Servei d'Arxius
Descripción Física:
58 núm. : 30 cm
Idioma:
Catalán
MARC
| LEADER | 00000cas a2200000 a 4500 | ||
|---|---|---|---|
| 001 | 991008709809706706 | ||
| 003 | Arxiu | ||
| 005 | 20260324181512.0 | ||
| 008 | 930916d19932010sp qr p|| |||o0 b|cat | ||
| 017 | |a DL B. 17466-1993 |b Biblioteca de Catalunya | ||
| 022 | |a 1133-3774 |l 1133-3774 | ||
| 040 | |a AGDB | ||
| 041 | |a cat | ||
| 043 | |a e-sp--- |b e-spc-- |2 catmarc | ||
| 080 | |a Revistes | ||
| 130 | 0 | |a Arxius (Catalunya. Departament de Cultura) |9 55891 | |
| 245 | 0 | 0 | |a Arxius : |b butlletí del Servei d'Arxius |
| 260 | |a [Barcelona] : |b Generalitat de Catalunya, Departament de Cultura, |c 1993-2010 | ||
| 300 | |a 58 núm. : |c 30 cm | ||
| 310 | |a Trimestral | ||
| 336 | |a text |b txt |2 rdacontent | ||
| 337 | |a sense mediació |b n |2 rdamedia | ||
| 338 | |a volum |b nc |2 rdacarrier | ||
| 362 | 0 | |a Núm. 1 (maig 1993)- | |
| 362 | 1 | |a Acaba: Núm. 58 (2010) | |
| 500 | |a Posteriorment a la pàgina de crèdits porta el subtítol: butlletí de la Subdirecció General d’Arxius i Gestió Documental | ||
| 500 | |a A partir del núm. 42 (primavera 2005), perd el subtítol | ||
| 500 | |a A partir del núm. 48 (tardor/hivern 2006), el nom de l'editor és: Departament de Cultura i Mitjans de Comunicació de la Generalitat de Catalunya | ||
| 500 | |a A partir del núm. 59 només es publica amb el mateix títol en línia | ||
| 530 | |a També es publica en línia | ||
| 590 | |a A la portada: Generalitat de Catalunya, Departament de Cultura. | ||
| 590 | |a A partir del núm. 42, el subtítol és: Butlletí de la Subdirecció general d'Arxius | ||
| 650 | 0 | |a Arxivística |x Revistes |2 Arxiu |9 35784 | |
| 650 | 0 | |a Arxius |z Catalunya |2 Arxiu |9 39131 |v Revistes | |
| 655 | 7 | |a Revistes |2 thub |9 55823 | |
| 710 | 1 | |a Catalunya. |b Servei d'Arxius |9 2924 | |
| 710 | 1 | |a Catalunya. |b Departament de Cultura i Mitjans de Comunicació |9 55890 | |
| 710 | 1 | |a Catalunya. |b Subdirecció General d'Arxius i Gestió Documental |9 53472 | |
| 710 | 2 | |a Catalunya. |b Departament de Cultura |9 52819 | |
| 752 | |a Catalunya |b Barcelona (Província) |c Barcelonès |d Barcelona | ||
| 776 | 0 | |t Arxius (Servei d'Arxius. Generalitat de Catalunya, Departament de Cultura. Internet) |x 2013-2476 | |
| 856 | 4 | 1 | |z Accés lliure |u http://continguts.cultura.gencat.cat/arxius/butlleti/n63/index.htm |
| 866 | |a 1993 (1), 1994 (2-4), 1995 (5-8), 1996 (9-11), 1997 (12-16), 1998 (17-20), 1999 (21-24), 2000 (25-28), 2001 (29-32), 2002 (33-36), 2003 (37-40), 2004 (41, índex general), 2005 (42-45), 2006 (46-48), 2007 (49, 50, 51), 2008 (52, 55) | ||
| 907 | |a .b12046681 |b 16-06-21 |c 22-10-10 |d 06-05-08 |e s |f b |g - |h cat |i spc |j 0 |k 1 | ||
| 942 | |2 udc |c REV |n 1 | ||
| 952 | |0 0 |1 0 |4 0 |6 REV2069 |7 1 |9 48821 |a Arxiu |b Arxiu |d 2016-12-01 |h Núm. 1 (maig 1993) - Núm.12 (hivern 1996) |o Rev-2069 |p 27737 |r 2016-12-01 00:00:00 |w 2016-12-01 |y ARXIU | ||
| 952 | |0 0 |1 0 |4 0 |7 1 |9 66173 |a Arxiu |b Arxiu |d 2023-04-20 |h Núm. 13 (primavera 1997) - Núm.28 (hivern 2000) |o Rev-2070 |p 27738 |r 2023-04-20 00:00:00 |w 2023-04-20 |y ARXIU | ||
| 952 | |0 0 |1 0 |4 0 |7 1 |9 66174 |a Arxiu |b Arxiu |d 2023-04-20 |h Núm. 29 (primavera 2001) - Núm.41 (hivern 2004) |o Rev-2071 |p 27739 |r 2023-04-20 00:00:00 |w 2023-04-20 |y ARXIU |z Conté Número extra que inclou Índex de la revista (1993-2004) | ||
| 952 | |0 0 |1 0 |4 0 |7 1 |9 66175 |a Arxiu |b Arxiu |d 2023-04-20 |h Núm. 42 (primavera 2005) - Núm.45 (hivern 2005) |o Rev-2072 |p 27740 |r 2023-04-20 00:00:00 |w 2023-04-20 |y ARXIU | ||
| 952 | |0 0 |1 0 |4 0 |7 1 |9 66176 |a Arxiu |b Arxiu |d 2023-04-20 |h Núm. 423 (primavera 2006) - Núm.48 (tardor-hivern 2006) |o Rev-2073 |p 27741 |r 2023-04-20 00:00:00 |w 2023-04-20 |y ARXIU | ||
| 952 | |0 0 |1 0 |4 0 |7 1 |9 66177 |a Arxiu |b Arxiu |d 2023-04-20 |h Núm. 49 (primavera 2007) - Núm.51 (tardor-hivern 2007) |o Rev-2074 |p 27742 |r 2023-04-20 00:00:00 |w 2023-04-20 |y ARXIU | ||
| 952 | |0 0 |1 0 |4 0 |7 1 |9 66178 |a Arxiu |b Arxiu |d 2023-04-20 |h Núm. 52 (primavera 2008) - Núm.55 (hivern 2008) |o Rev-2075 |p 27743 |r 2023-04-20 00:00:00 |w 2023-04-20 |y ARXIU | ||
| 999 | |c 83132 |d 83132 | ||